000 00751nam a2200265Ia 4500
003 OSt
005 20220918220942.0
006 a|||||r|||| 00| 0
007 ta
008 220917b |||||||| |||| 00| 0 eng d
024 _a147,559
037 _cTextual
040 _aARTS
_cARTS
_beng
041 _2eng
_aeng
082 _aY58:435:(S), M6
100 _aPerry Ronald W
_9132745
245 0 _aMinority citizens in disasters
260 _aAthens
_bThe University of Georgia Press
_c1986
300 _axii, 205p.
_ccm.
500 _aBibliography p183-200
650 _aSOCIOLOGY
700 _a Mushkatel Alvin H
_9138626
942 _hY58:435:(S), M6
_cTEXL
_2CC
999 _c270298
_d270298